000 00659nam a2200229Ia 4500
003 OSt
005 20230323113503.0
008 210423s2007 xx 000 0 und d
020 _a195691079
040 _cAL
041 _aeng
082 _a339.3
_223
_bCARW
100 _aCARLIN (Wendy);SOSKICE (David)
_976894
245 _aMacroeconomics: imperfections institutions and policies
260 _aNew Delhi
_bOxford University Press
_c2007
300 _axlii,810
_bPB
365 _b495
_cINR
650 _aEconomics
_976895
650 _aMacroeconomics
_976896
906 _aimperfections ; institutions ; Macroeconomics: ; policies
942 _2ddc
_cBK
999 _c155692
_d155692